Boundaries (Record no. 109944)

MARC details
000 -LEADER
fixed length control field 01975cam a22003135a 4500
001 - CONTROL NUMBER
control field L148189
008 - FIXED-LENGTH DATA ELEMENTS--GENERAL INFORMATION
fixed length control field 090813s2009 xxk f 000 0 eng d
020 ## - INTERNATIONAL STANDARD BOOK NUMBER
International Standard Book Number 9781842194959
035 ## - SYSTEM CONTROL NUMBER
System control number (Sirsi) u148189
041 0# - LANGUAGE CODE
Language code of text/sound track or separate title eng
050 04 - LIBRARY OF CONGRESS CALL NUMBER
Classification number 346.410432 $2 18
110 2# - MAIN ENTRY--CORPORATE NAME
Corporate name or jurisdiction name as entry element Royal Institution of Chartered Surveyors
9 (RLIN) 4900
245 00 - TITLE STATEMENT
Title Boundaries
Remainder of title RICS guidance note
Statement of responsibility, etc. [old edition]
250 ## - EDITION STATEMENT
Edition statement 2nd ed.
260 ## - PUBLICATION, DISTRIBUTION, ETC.
Place of publication, distribution, etc. Coventry
Name of publisher, distributor, etc. RICS
Date of publication, distribution, etc. 2009
300 ## - PHYSICAL DESCRIPTION
Extent vi, 48p.
Dimensions 30cm.
350 ## - PRICE (NR) (BK AM CF MU VM SE) [OBSOLETE]
Price 25
490 #0 - SERIES STATEMENT
Series statement RICS Guidance Note
505 2# - FORMATTED CONTENTS NOTE
Formatted contents note RICS guidance notes -- Introduction -- Stage 1, instructions -- Stage 2, initial invenstigations -- Stage 3, research -- Stage 4, the site visit, measured survey and photography -- Stage 5, the report: analysis and preparation -- Stage 6, presentation of the report to the client -- Stage 7, litigation -- Stage 8, recording the outcome in the Land Registry -- Appendices
520 ## - SUMMARY, ETC.
Summary, etc. Looks at the different stages of a potential boundary dispute and the processes that and RICS member could follow as an example of best practice. Highlights professional practice issues such as dispute resolution, mediation, how to deal with initial contact and clients, and investigation techniques. Also provides lists of further reading and online resources.
520 ## - SUMMARY, ETC.
Summary, etc. Cover title is "Boundaries: procedures for boundary identification, demarcation and dispute resolution in England & Wales".
520 ## - SUMMARY, ETC.
Summary, etc. Supersedes first edition (ISBN 0854065792); superseded by third edition (ISBN 9781783210442)
521 ## - TARGET AUDIENCE NOTE
Target audience note Advanced
590 ## - LOCAL NOTE (RLIN)
Local note KA
651 #4 - SUBJECT ADDED ENTRY--GEOGRAPHIC NAME
Geographic name England and Wales
Chronological subdivision 1543-
690 ## - LOCAL SUBJECT ADDED ENTRY--TOPICAL TERM (OCLC, RLIN)
Topical term or geographic name as entry element PROPERTY-PROPERTY MANAGEMENT-BOUNDARY DETERMINATION-BOUNDARIES
856 41 - ELECTRONIC LOCATION AND ACCESS
Uniform Resource Identifier <a href="https://www.isurv.com/downloads/file/1162/archive_boundaries_procedures_for_boundary_identification_demarcation_and_dispute_resolution_in_england_and_wales_2nd_edition_june_2009%E2%80%93march_2014">https://www.isurv.com/downloads/file/1162/archive_boundaries_procedures_for_boundary_identification_demarcation_and_dispute_resolution_in_england_and_wales_2nd_edition_june_2009%E2%80%93march_2014</a>
Public note Archived in isurv (subscription required)
942 ## - ADDED ENTRY ELEMENTS (KOHA)
Suppress in OPAC 0
Source of classification or shelving scheme Dewey Decimal Classification
Holdings
Withdrawn status Lost status Source of classification or shelving scheme Damaged status Not for loan Home library Current library Shelving location Date acquired Total Checkouts Full call number Barcode Date last seen Copy number Price effective from Koha item type
    Dewey Decimal Classification     London London Folio 13/08/2009   F346.410432 ROY 30077146 06/08/2019 3 06/08/2019 Book
    Dewey Decimal Classification     London London RICS Boxes 22/10/2009   RICS 2009/24 30076487 06/08/2019 1 06/08/2019 Archive
    Dewey Decimal Classification     Virtual Virtual Online 12/05/2023   isurv   12/05/2023   12/05/2023 Online material